00318 a2200109 4500020001800000082001400018100001600032245008100048250001000129260005200139300001700191 a81-8220-158-6 a530.09223 aBasu, S. K. aEncyclopaedic Biography of The World Great Physicists (Volume 3)cS. K. Basu a2006. aNew DelhibGlobal Vision Publishing Housec2006 axx, 733-1100